00321nam a22000977a 4500008004100000082001700041245011300058260003400171300001200205440000600217230609b xxu||||| |||| 00| 0 eng d a354.676bGOK a2008/2009 Estimates of Recurrent Expenditure of the Government of Kenya for the Year Ending 30th June, 2009 aNairobi,KenyabGOKcJune,2008 aXI,771p vI